| 000 | 00387nam a22001337a 4500 | ||
|---|---|---|---|
| 020 | _a0471712728 | ||
| 040 | _cNust | ||
| 082 |
_a658.409 _bVEN |
||
| 100 |
_aAlexi Venneri _9124625 |
||
| 245 | _aBalls' 6 Rules of Winning today Business Game | ||
| 260 |
_aNew Jersey: _bJohn Wiley & Sons Inc, _c2005. |
||
| 650 |
_aBalls' 6 Rules of Winning today Business Game _9123365 |
||
| 942 |
_2ddc _cBK |
||
| 999 |
_c609578 _d609578 |
||